1552 1074 1805 1147 1997 1541 1484 1813 1919 1702 1592 1557 1198 1761 1700 1908 1198 1500 1305 1393 1813 1463 1297 1001 1645 1593 1180 1471 1602 1634 1727 1554 1523 1930 1701 1130 1256 1811 1870 1770 1514 1753 1512 1073 1455 1417 1249 1107 1024 1601 1359 1239 1325 1169 1862 1711 1302 1070 1687 1930 1852 1323 1317 1873 1468 1067 1204 1443 1356 1725 1553 1595 1898 1669 1810 1726 1945 1763 1479 1603 1108 1775 1977 1843 1831 1552 1001 1237 1812 1483 1505 1284 1257 1711 1682 1684 1984 1103 1676 BCNSPRNW ULIB Ver.6.0+V

เปลี่ยนเป็นภาษาไทย

Change to English
 แสดงรายละเอียดบรรณานุกรม
  กลับหน้าหลัก

Brief Record : Get Marc (ISO 2709) : E-mail record : QR code < ปิดหน้าต่าง
LEADER : 00000nam 2200000uu 4500
001    13399107789
003     ULIB
008    110203s2551||||th 000 0 tha d
020    9789743072956
060  4 QT260^bก279ค 2551
100 0  กฤษฎา บานชื่น
245 00 คู่มือวิ่งเพื่อสุขภาพ/^cกฤษฎา บานชื่น
250    พิมพ์ครั้งที่ 10
260    กรุงเทพฯ:^bสำนักพิมพ์หมอชาวบ้าน,^c2551
300    360:^bภาพประกอบ
650  7 การวิ่ง
650  7 การออกกำลังกาย
945    ^p330^l0^i025625
945    ^p330^l0^i025624
945    ^p330^l0^i025224
995    ทศพร
999 ^a ใช้งานได้ทุกระบบ
รายการนี้ยังไม่มีแท็ก
คุณยังไม่ได้ล็อกอิน คุณสามารถมีกิจกรรมร่วมกับเว็บไซต์ได้ แต่ต้องล็อกอินก่อน ::
  ล็อกอิน

รายการสื่อสารสนเทศ

ลำดับที่ ประเภท เลขเรียก/บาร์โค้ด สถานที่ สถานะ
1. วิทยาศาสตร์การแพทย์ และสุขภาพ
วิทยาศาสตร์การแพทย์ และสุขภาพ
QT260 ก279ค 2551 ฉ.3 
  Barcode: 025625
ห้องสมุดวิทยาเขตสวรรค์ประชารักษ์
►ส่วนจัดเก็บหนังสือเก่า สปร
บนชั้น
  ขอยืม

รายการใกล้เคียง
    ผู้แต่ง [กฤษฎา บานชื่น]

    หัวเรื่อง [การวิ่ง]
    หัวเรื่อง [การออกกำลังกาย]

BibComment


ยังไม่เคยถูกคอมเมนท์

คอมเมนท์ทรัพยากรรายการนี้
  คอมเมนท์: คู่มือวิ่งเพื่อสุ..


 Copyright 2026. Bcnsprnw @Library